000 00507nam a2200193 a 4500
001 1755946828349
003 YourLibrary
005 20250826120540.0
008 250823s2005##################000#0#eng##
020 _a9780144000647
082 0 4 _a050
_bOBR
100 1 _aO'Brien, Derek,
_eauthor.
245 1 0 _aPenguin India Reference Yearbook 2006 :
260 _c2005.
300 _a976 pages
650 0 _aEncyclopedias and dictionaries.
942 _cENGLISH
040 _aYourLibrary
_beng
_cYourLibrary
999 _c584009
_d584009